Villes françaises ayant un club de football et de rugby professionnels - Statistiques

Statistiques générales
  • Ce quiz a été pris 57 452 fois
    30 658 depuis la dernière actualisation
  • Le résultat moyen est 5 sur 7
Statistiques - réponses
Divisions des clubs Ville % Correct
Ligue 1/ Top 14 Paris
97%
Ligue 1/ Top 14 Toulouse
97%
Ligue 1/ Top 14 Lyon
87%
Ligue 2/ Top 14 Montpellier
68%
Ligue 2/ Top 14 Clermont-Ferrand
61%
Ligue 2/ Top 14 Pau
58%
Ligue 2/ Pro D2 Grenoble
46%
Aucun quiz correspondant
Distribution des résultats
% des personnes avec chaque résultat
Percentile par nombre de réponses
Votre historique - résultats
Vous n’avez pas pris ce quiz depuis la dernière actualisation